[Event "10. Miedzynarodowy Turnieju Klubu Szachowego Polonia Wroclaw - OPEN A"]
[Site "Wroclaw"]
[Date "1899-12-30"]
[Round "1.1"]
[White "Cyborowski, Lukasz"]
[Black "Kulas, Szymon"]
[Result "1/2-1/2"]
[WhiteTitle "GM"]
[BlackTitle "k"]
[WhiteElo "2522"]
[BlackElo "2243"]

1. d4 Nf6 2. c4 g6 3. Nc3 Bg7 4. e4 d6 5. Bg5 O-O 6. Qd2 Na6 7. Bd3 Qe8 8. Nge2
e5 9. d5 Nd7 10. O-O Ndc5 11. Bb1 Bd7 12. Be3 f5 13. exf5 gxf5 14. f4 e4 15. Bd4
Qg6 16. Nb5 Rf7 17. b4 Nd3 18. Bxd3 exd3 19. Qxd3 Nxb4 20. Qd2 c5 21. dxc6 Bxc6
22. Ng3 Bxb5 23. Bxg7 Bxc4 24. Qxb4 Bxf1 25. Bb2 Ba6 26. Qd4 Kf8 27. Re1 Re7 28.
Qh8+ Kf7 29. Rxe7+ Kxe7 30. Qxa8 Qg4 31. h3 Qxg3 1/2-1/2

[Event "10. Miedzynarodowy Turnieju Klubu Szachowego Polonia Wroclaw - OPEN A"]
[Site "Wroclaw"]
[Date "1899-12-30"]
[Round "1.2"]
[White "Reza, Wojciech"]
[Black "Sieciechowicz, Marcin"]
[Result "0-1"]
[WhiteTitle "k"]
[BlackTitle "IM"]
[WhiteElo "2212"]
[BlackElo "2449"]

1. d4 Nf6 2. c4 g6 3. Nc3 d5 4. cxd5 Nxd5 5. e4 Nxc3 6. bxc3 Bg7 7. Nf3 c5 8. Rb1
O-O 9. Be2 b6 10. O-O Qc7 11. Be3 Bb7 12. Qd3 Ba6 13. Qd2 Bxe2 14. Qxe2 Nd7 15.
Rfd1 Rac8 16. Bg5 e6 17. Qe3 cxd4 18. cxd4 Qc3 19. Qf4 f6 20. Bh4 g5 21. Qd6 Qc6
22. Qxc6 Rxc6 23. Bg3 Rc4 24. e5 g4 25. exf6 Bxf6 26. Ne5 Bxe5 27. dxe5 Nc5 28.
Rb2 Na4 29. Rbd2 Nc3 30. Re1 Nd5 31. Bh4 Rfc8 32. h3 gxh3 33. g3 Rc2 34. Ree2
Rxd2 35. Rxd2 b5 36. Kh2 b4 37. Kxh3 a5 38. f4 a4 39. f5 Kf7 40. Kg4 b3 41. axb3
a3 42. Kh5 Ra8 43. Ra2 exf5 44. Bf6 Ke6 45. Kh6 Ra7 46. Kg5 Nc3 47. Ra1 a2 48.
Bh8 Rd7 49. Rc1 Rd1 50. Rxc3 a1=Q 51. Rc6+ Kxe5 0-1

[Event "10. Miedzynarodowy Turnieju Klubu Szachowego Polonia Wroclaw - OPEN A"]
[Site "Wroclaw"]
[Date "1899-12-30"]
[Round "1.3"]
[White "Sielecki, Christof"]
[Black "Balinski, Damian"]
[Result "1-0"]
[WhiteTitle "IM"]
[BlackTitle "k"]
[WhiteElo "2437"]
[BlackElo "2201"]

1. Nf3 Nf6 2. g3 g6 3. b3 Bg7 4. Bb2 O-O 5. Bg2 d5 6. c4 c6 7. O-O Nbd7 8. Qc2
Re8 9. Nc3 dxc4 10. bxc4 e5 11. Rfd1 Qa5 12. d3 Nc5 13. Nd2 Ne6 14. Nce4 Nd4 15.
Bxd4 exd4 16. Rab1 Qh5 17. Nxf6+ Bxf6 18. Bf3 Qe5 19. Qa4 Bg7 20. Nb3 Bd7 21.
c5 b5 22. Qa6 Qc7 23. a4 bxa4 24. Qxa4 Rab8 25. Nxd4 h5 26. e3 h4 27. Ne2 hxg3
28. hxg3 Rb5 29. d4 Reb8 30. Ra1 a5 31. Rdc1 Ra8 32. Rcb1 g5 33. Nc3 Rxb1+ 34.
Rxb1 f5 35. Nb5 Qd8 36. Nd6 Rb8 37. Rxb8 Qxb8 38. Bxc6 Qb1+ 39. Kg2 Be6 40. Be4
fxe4 41. Qe8+ Kh7 42. Qxe6 a4 43. Qf5+ Kg8 44. Qf7+ 1-0

[Event "10. Miedzynarodowy Turnieju Klubu Szachowego Polonia Wroclaw - OPEN A"]
[Site "Wroclaw"]
[Date "1899-12-30"]
[Round "1.4"]
[White "Rozycki, Bartlomiej"]
[Black "Stachowiak, Kamil"]
[Result "1/2-1/2"]
[WhiteTitle "k++"]
[BlackTitle "IM"]
[WhiteElo "2198"]
[BlackElo "2434"]

1. d4 d5 2. c4 e6 3. Nc3 Be7 4. Qc2 c6 5. cxd5 exd5 6. Nf3 g6 7. Bf4 Bf5 8. Qd2
Nf6 9. e3 Nbd7 10. Bd3 Bxd3 11. Qxd3 Nh5 12. Bh6 Qb6 13. O-O f5 14. a3 a5 15.
b4 axb4 16. axb4 Kf7 17. b5 Rhc8 18. e4 Rxa1 19. Rxa1 fxe4 20. Nxe4 cxb5 21. Qb3
Qc6 22. g4 Nhf6 23. Nxf6 Qxf6 24. Qxd5+ Qe6 25. Qxb7 Qxg4+ 26. Kh1 Rc3 27. Be3
Rb3 28. Nd2 Rb2 29. Ra7 1/2-1/2

[Event "10. Miedzynarodowy Turnieju Klubu Szachowego Polonia Wroclaw - OPEN A"]
[Site "Wroclaw"]
[Date "1899-12-30"]
[Round "1.5"]
[White "Dobrowolski, Piotr"]
[Black "Kowalczyk, Rafal"]
[Result "1/2-1/2"]
[WhiteTitle "IM"]
[BlackTitle "k"]
[WhiteElo "2416"]
[BlackElo "2158"]

1. d4 d5 2. c4 dxc4 3. e3 e6 4. Bxc4 Nf6 5. Nf3 a6 6. O-O c5 7. Qe2 Nc6 8. Nc3
Be7 9. Rd1 Qc7 10. dxc5 Bxc5 11. Bd2 O-O 12. Rac1 Bd7 13. Bd3 Be7 14. Ng5 Rfd8
15. Bb1 Rac8 16. Be1 Be8 17. Nce4 Nxe4 18. Nxe4 Rxd1 19. Qxd1 Qb6 20. Qc2 f6 21.
h4 Na7 22. Nc3 Bg6 23. Qe2 Bxb1 24. Rxb1 Rd8 25. h5 Nc6 26. b3 Ne5 1/2-1/2

[Event "10. Miedzynarodowy Turnieju Klubu Szachowego Polonia Wroclaw - OPEN A"]
[Site "Wroclaw"]
[Date "1899-12-30"]
[Round "1.6"]
[White "Gelip, Ioana"]
[Black "Cukrowski, Filip"]
[Result "1-0"]
[WhiteTitle ""]
[BlackTitle "m"]
[WhiteElo "2155"]
[BlackElo "2330"]

1. e4 c5 2. Nf3 Nc6 3. d4 cxd4 4. Nxd4 Qb6 5. Nb3 Nf6 6. Nc3 e6 7. Be3 Qc7 8. a3
a6 9. f4 d6 10. Qf3 b5 11. Bd3 Bb7 12. O-O Be7 13. Qh3 b4 14. axb4 Nxb4 15. Na5
Nxd3 16. cxd3 Bc8 17. Rfc1 Qd7 18. Na4 Bd8 19. Nc4 Rb8 20. e5 dxe5 21. fxe5 O-O
22. exf6 Bxf6 23. Qg3 Rb4 24. Ncb6 Qb7 25. Rc7 Qb8 26. Rxf7 Be5 27. Rxf8+ Kxf8
28. Bc5+ Kg8 29. Rf1 Rf4 30. Rxf4 Bxf4 31. Qh4 Bb7 32. Nd7 Qc7 33. Nf8 Bd6 34.
Nxe6 Qc6 35. Qd8+ Kf7 36. Ng5+ Kg6 37. Qxd6+ 1-0

[Event "10. Miedzynarodowy Turnieju Klubu Szachowego Polonia Wroclaw - OPEN A"]
[Site "Wroclaw"]
[Date "1899-12-30"]
[Round "1.7"]
[White "Grela, Kacper"]
[Black "Maj, Pawel"]
[Result "1-0"]
[WhiteTitle "k"]
[BlackTitle "k"]
[WhiteElo "2294"]
[BlackElo "2129"]

1. e4 c5 2. Nf3 d6 3. d4 cxd4 4. Nxd4 Nf6 5. Nc3 a6 6. f4 g6 7. Bc4 Bg7 8. O-O
Qb6 9. Be3 Ng4 10. Nd5 Qc5 11. Ne6 Qxc4 12. Ndc7+ Kd7 13. Qxg4 fxe6 14. Nxa8 Qxe4
15. Rae1 Nc6 16. Nb6+ Kc7 17. Nxc8 Kxc8 18. c3 Qf5 19. Qf3 Rf8 20. Rf2 Kb8 21.
Qd1 h5 22. Qc2 Qxc2 23. Rxc2 Kc7 24. a4 Bh6 25. g3 e5 26. Rf2 exf4 27. Bxf4 Bxf4
28. Rxf4 Rxf4 29. gxf4 e5 30. fxe5 Nxe5 31. Re4 Kc6 32. Kg2 g5 33. h4 gxh4 34.
Rxh4 a5 35. Kf1 Nd3 36. b4 axb4 37. cxb4 Nb2 38. a5 Kb5 39. Ke2 d5 40. Kd2 Nc4+
41. Kc3 b6 42. Rxh5 1-0

[Event "10. Miedzynarodowy Turnieju Klubu Szachowego Polonia Wroclaw - OPEN A"]
[Site "Wroclaw"]
[Date "1899-12-30"]
[Round "1.8"]
[White "Kanicki, Krzysztof"]
[Black "Piotrowski, Przemyslaw"]
[Result "1-0"]
[WhiteTitle "I+"]
[BlackTitle "k"]
[WhiteElo "2097"]
[BlackElo "2292"]

1. e4 c5 2. Nf3 d6 3. d4 cxd4 4. Nxd4 Nf6 5. Nc3 Nc6 6. Bg5 e6 7. Qd2 a6 8. O-O-O
Bd7 9. f4 b5 10. Bxf6 gxf6 11. Kb1 Qb6 12. Nxc6 Bxc6 13. f5 Qc5 14. Bd3 h5 15.
Qe1 Bh6 16. Nd5 Bxd5 17. exd5 e5 18. Qe2 h4 19. Qh5 Ke7 20. Qxh4 Rag8 21. Qe4
a5 22. g3 Rb8 23. a3 Rhc8 24. Rde1 b4 25. a4 b3 26. c3 Bd2 27. Re2 Rb4 28. Qf3
Bxc3 29. Ba6 Rxa4 30. Qxc3 Qxd5 31. Bxc8 Rc4 32. Bb7 Qb5 33. Ba6 Qxa6 34. Qxb3
a4 35. Qa3 Rd4 36. Rc2 Rd3 37. Rc3 Rd2 38. Rhc1 1-0

[Event "10. Miedzynarodowy Turnieju Klubu Szachowego Polonia Wroclaw - OPEN A"]
[Site "Wroclaw"]
[Date "1899-12-30"]
[Round "1.9"]
[White "Gumularz, Szymon"]
[Black "Guzewicz, Rafal"]
[Result "0-1"]
[WhiteTitle "I++"]
[BlackTitle "I+"]
[WhiteElo "2284"]
[BlackElo "2045"]

1. e4 c6 2. d4 d5 3. f3 dxe4 4. fxe4 e5 5. Nf3 Bg4 6. Bc4 Nd7 7. O-O Ngf6 8. c3
Bd6 9. Qc2 O-O 10. Bg5 Qc7 11. Nbd2 Bh5 12. Bd3 b5 13. h3 Rfe8 14. Nh4 Bg6 15.
Nf5 Bf8 16. Rae1 Rad8 17. Bh4 a6 18. g4 Kh8 19. Kg2 c5 20. d5 c4 21. Be2 Qb6 22.
Bg3 Bc5 23. h4 Ng8 24. g5 Bxf5 25. Rxf5 f6 26. Bg4 Ne7 27. Rff1 fxg5 28. hxg5
Ng6 29. Rh1 Nf4+ 30. Bxf4 exf4 31. Bxd7 Rxd7 32. e5 g6 33. d6 Re6 34. Qd1 Be3
35. Qg4 Qc6+ 36. Kh2 Rxe5 37. Nf3 Rd5 38. Qe6 R7xd6 39. Qe7 Rd2+ 40. Nxd2 Rxd2+
41. Kh3 Qg2+ 0-1

[Event "10. Miedzynarodowy Turnieju Klubu Szachowego Polonia Wroclaw - OPEN A"]
[Site "Wroclaw"]
[Date "1899-12-30"]
[Round "1.10"]
[White "Praczukowski, Stanislaw"]
[Black "Nguyen, Piotr"]
[Result "0-1"]
[WhiteTitle "I++"]
[BlackTitle "m"]
[WhiteElo "2037"]
[BlackElo "2273"]

1. d4 Nf6 2. c4 c5 3. d5 e5 4. Nc3 d6 5. e4 Nbd7 6. g3 Be7 7. Bg2 O-O 8. Nge2 Ne8
9. O-O g6 10. Rb1 Ng7 11. b4 f5 12. exf5 gxf5 13. f4 e4 14. Be3 b6 15. bxc5 bxc5
16. Qc2 Nf6 17. h3 h5 18. Rb3 h4 19. Rfb1 Ngh5 20. gxh4 Kf7 21. Rb8 Rxb8 22. Rxb8
Nd7 23. Rb1 a6 24. Kh2 Bxh4 25. Rg1 Ndf6 26. Nd1 Rh8 27. Bf2 Ng4+ 28. hxg4 Bg3+
29. Nxg3 Qh4+ 30. Bh3 Qxh3+ 31. Kxh3 Nxf4# 0-1

[Event "10. Miedzynarodowy Turnieju Klubu Szachowego Polonia Wroclaw - OPEN A"]
[Site "Wroclaw"]
[Date "1899-12-30"]
[Round "1.11"]
[White "Swicarz, Maciej"]
[Black "Zombirt, Filip"]
[Result "1-0"]
[WhiteTitle "m"]
[BlackTitle "I+"]
[WhiteElo "2268"]
[BlackElo "2013"]

1. e4 c5 2. Nc3 a6 3. Nf3 d6 4. d4 cxd4 5. Nxd4 Nf6 6. Bc4 e6 7. Bb3 b5 8. a3 Bb7
9. f3 Nc6 10. Nxc6 Bxc6 11. Bf4 Qb6 12. Qd2 Rd8 13. Be3 Qb7 14. Na2 Be7 15. Nb4
d5 16. e5 Nd7 17. Nd3 O-O 18. Qe2 a5 19. O-O b4 20. axb4 axb4 21. Ra7 Qb8 22.
Rfa1 Bb5 23. f4 Bc5 24. R7a5 Bb6 25. Bxb6 Qxb6+ 26. Qf2 Bxd3 27. Qxb6 Nxb6 28.
cxd3 Ra8 29. Rxa8 Rxa8 30. Rxa8+ Nxa8 31. Kf2 Kf8 32. Ke3 Ke7 33. Kd4 Kd7 34.
Kc5 Kc7 35. Ba4 f6 36. Bb5 b3 37. Ba4 Nb6 38. Kb4 h6 39. g3 Kb7 40. Bxb3 Kc6 41.
Ba4+ Kc7 42. Bb5 Kb7 43. Kc5 Kc7 44. b4 fxe5 45. fxe5 Nc8 46. Bc6 Nb6 47. Be8
Nc8 48. Bf7 1-0

[Event "10. Miedzynarodowy Turnieju Klubu Szachowego Polonia Wroclaw - OPEN A"]
[Site "Wroclaw"]
[Date "1899-12-30"]
[Round "2.1"]
[White "Sieciechowicz, Marcin"]
[Black "Swicarz, Maciej"]
[Result "1-0"]
[WhiteTitle "IM"]
[BlackTitle "m"]
[WhiteElo "2449"]
[BlackElo "2268"]

1. d4 Nf6 2. c4 e6 3. Nf3 Bb4+ 4. Bd2 Qe7 5. g3 O-O 6. Bg2 Bxd2+ 7. Qxd2 d6 8.
O-O e5 9. Nc3 a5 10. Rfd1 h6 11. dxe5 dxe5 12. Nd5 Nxd5 13. cxd5 Bg4 14. Rac1
a4 15. Qc3 Bxf3 16. exf3 Na6 17. Bf1 Rfc8 18. Re1 Nb4 19. Bc4 b5 20. Bxb5 Nxa2
21. Qc5 Qxc5 22. Rxc5 Rcb8 23. Bc4 Rxb2 24. Rxc7 Rd2 25. Rxe5 Nb4 26. Ree7 Nxd5
27. Bxd5 Rxd5 28. Rxf7 a3 29. Rxg7+ Kf8 30. Rh7 Rg5 31. Ra7 1-0

[Event "10. Miedzynarodowy Turnieju Klubu Szachowego Polonia Wroclaw - OPEN A"]
[Site "Wroclaw"]
[Date "1899-12-30"]
[Round "2.2"]
[White "Gelip, Ioana"]
[Black "Sielecki, Christof"]
[Result "0-1"]
[WhiteTitle ""]
[BlackTitle "IM"]
[WhiteElo "2155"]
[BlackElo "2437"]

1. e4 c6 2. Nf3 d5 3. Nc3 Nf6 4. e5 Ne4 5. Ne2 Qb6 6. d4 e6 7. g3 c5 8. Bg2 Nc6
9. O-O Be7 10. c3 O-O 11. Rb1 cxd4 12. cxd4 Bd7 13. h4 Rac8 14. Nh2 f6 15. f3
Nxg3 16. Nxg3 fxe5 17. Bg5 Bxg5 18. hxg5 Rf4 19. Ne2 Nxd4 20. Nxd4 Rxd4 21. Qe1
Rd2+ 22. Rf2 Rcc2 23. Ng4 Re2 24. Qf1 Bb5 0-1

[Event "10. Miedzynarodowy Turnieju Klubu Szachowego Polonia Wroclaw - OPEN A"]
[Site "Wroclaw"]
[Date "1899-12-30"]
[Round "2.3"]
[White "Guzewicz, Rafal"]
[Black "Grela, Kacper"]
[Result "1/2-1/2"]
[WhiteTitle "I+"]
[BlackTitle "k"]
[WhiteElo "2045"]
[BlackElo "2294"]

1. d4 Nf6 2. Bf4 g6 3. e3 Bg7 4. h3 d6 5. Nf3 O-O 6. Be2 Nfd7 7. O-O e5 8. Bh2
Nc6 9. c4 f5 10. Nc3 g5 11. dxe5 dxe5 12. Qd5+ Kh8 13. Rad1 Qe7 14. Qb5 a6 15.
Qb3 e4 16. Nd4 f4 17. Nd5 Qe5 18. f3 Nc5 19. Qa3 Ne6 20. Nxe6 Bxe6 21. fxe4 Bxd5
22. cxd5 Ne7 23. exf4 gxf4 24. Bf3 Ng6 25. Rd2 Rad8 26. Kh1 Qg5 27. Rc2 Be5 28.
Bg1 Rg8 29. Rd1 Qf6 30. Bf2 Rd7 31. Be1 Nh4 32. Qd3 Rdg7 33. Bxh4 Qxh4 34. a4
Rg6 35. a5 Rh6 36. Qf1 Qg3 37. Rd3 Rh4 38. d6 cxd6 39. Rb3 Qg7 40. Rb4 Qd7 41.
Rbc4 Qb5 42. Qf2 Rh6 43. Rc8 Qxa5 44. Rxg8+ Kxg8 45. Rc8+ Kg7 46. Qe2 Rf6 47.
Qc4 Rf7 48. Qc1 Qb4 49. Rc7 Qb3 50. Bh5 Rxc7 51. Qxc7+ Kh6 52. Bf3 Qxb2 53. Qc4
Qc3 54. Qe6+ Kg7 55. Qe7+ Kg6 56. Qe6+ Bf6 57. Qf5+ Kg7 58. Qg4+ Kh8 59. Kh2 Qe5
60. Qc8+ Kg7 61. Qxb7+ Kg8 62. Qxa6 Bh4 63. Qc8+ Kf7 64. Qd7+ Kf8 65. Qc8+ Ke7
66. Qc7+ Kf8 67. Qc8+ Kf7 68. Qd7+ Kf8 69. Qc8+ 1/2-1/2

[Event "10. Miedzynarodowy Turnieju Klubu Szachowego Polonia Wroclaw - OPEN A"]
[Site "Wroclaw"]
[Date "1899-12-30"]
[Round "2.4"]
[White "Nguyen, Piotr"]
[Black "Kanicki, Krzysztof"]
[Result "1/2-1/2"]
[WhiteTitle "m"]
[BlackTitle "I+"]
[WhiteElo "2273"]
[BlackElo "2097"]

1. c4 c6 2. g3 d5 3. Nf3 Nf6 4. Bg2 Bf5 5. cxd5 cxd5 6. Qb3 Qb6 7. Nc3 Qxb3 8.
axb3 Nc6 9. d3 e6 10. Be3 Bb4 11. Nd4 Bg6 12. O-O O-O 13. Nxc6 bxc6 14. Ra6 Rfb8
15. Rc1 Bf8 16. Na4 Rxb3 17. Raxc6 Nd7 18. Rc8 Rxc8 19. Rxc8 Rb4 20. Nc5 Rb8 21.
Rxb8 Nxb8 22. Nb3 Nc6 23. f4 f6 24. Kf2 Bb4 25. g4 Bf7 26. Nd4 Nxd4 27. Bxd4 a6
28. e4 Kf8 29. Ke3 Ke7 30. Bf3 Kd6 31. e5+ Ke7 32. Bc3 Bc5+ 33. d4 Bb6 34. Bb4+
Kd8 35. Bd6 Be8 36. Bd1 fxe5 37. Bxe5 g6 38. f5 exf5 39. gxf5 gxf5 40. Kf4 Bd7
41. Kg5 Ke7 42. Kh6 f4 43. Bf3 Bf5 44. Bxd5 Bd3 45. Kg5 a5 46. Kxf4 a4 47. Be4
Bxe4 48. Kxe4 Ba5 49. d5 Bb4 50. Kf5 a3 51. d6+ Kd7 52. bxa3 Bxa3 53. h4 Bxd6
54. Bxd6 Kxd6 55. Kf6 h5 56. Kg6 Ke6 57. Kxh5 Kf7 58. Kh6 Kg8 59. h5 Kh8 1/2-1/2

[Event "10. Miedzynarodowy Turnieju Klubu Szachowego Polonia Wroclaw - OPEN A"]
[Site "Wroclaw"]
[Date "1899-12-30"]
[Round "2.5"]
[White "Kowalczyk, Rafal"]
[Black "Cyborowski, Lukasz"]
[Result "0-1"]
[WhiteTitle "k"]
[BlackTitle "GM"]
[WhiteElo "2158"]
[BlackElo "2522"]

1. d4 Nf6 2. c4 e6 3. Nc3 c5 4. Nf3 cxd4 5. Nxd4 Nc6 6. Ndb5 d5 7. cxd5 Nxd5 8.
Nxd5 exd5 9. e3 a6 10. Nc3 Be6 11. Be2 Bb4 12. Bd2 O-O 13. O-O Qh4 14. Bf3 Ne5
15. Bxd5 Rad8 16. e4 Bc5 17. Be3 Bxe3 18. fxe3 Ng4 19. h3 Nxe3 20. Qe1 Qxe1 21.
Rfxe1 Nc2 22. Bxb7 Rb8 23. Bxa6 Nxe1 24. Rxe1 Rxb2 25. a4 Rd8 26. Nd5 Kf8 27.
Bb5 Bd7 28. Bxd7 Rxd7 29. Rc1 f6 30. Rc8+ Kf7 31. Rh8 Ra2 32. Kh2 h6 33. Ra8 f5
34. Rc8 fxe4 35. Nc3 Rc2 0-1

[Event "10. Miedzynarodowy Turnieju Klubu Szachowego Polonia Wroclaw - OPEN A"]
[Site "Wroclaw"]
[Date "1899-12-30"]
[Round "2.6"]
[White "Stachowiak, Kamil"]
[Black "Dobrowolski, Piotr"]
[Result "0-1"]
[WhiteTitle "IM"]
[BlackTitle "IM"]
[WhiteElo "2434"]
[BlackElo "2416"]

1. d4 Nf6 2. c4 g6 3. Nc3 Bg7 4. e4 d6 5. Be2 O-O 6. Nf3 e5 7. O-O Nc6 8. d5 Ne7
9. b4 a5 10. Ba3 axb4 11. Bxb4 b6 12. a4 Ne8 13. Nb5 f5 14. Nd2 Kh8 15. Qb3 c5
16. dxc6 Nxc6 17. Rfd1 Nc7 18. Bd3 Nxb5 19. cxb5 Nxb4 20. Qxb4 d5 21. Bc2 fxe4
22. Nxe4 Qc7 23. Rac1 Qf7 24. Bb3 Be6 25. Ng5 Qxf2+ 26. Kh1 Bg8 27. Nh3 Qe3 28.
Rc7 Rac8 29. Rc6 e4 30. Ng1 Be5 31. Rxc8 Rxc8 32. Bxd5 Qh6 33. g3 Rc2 34. h4 Qxh4+
0-1

[Event "10. Miedzynarodowy Turnieju Klubu Szachowego Polonia Wroclaw - OPEN A"]
[Site "Wroclaw"]
[Date "1899-12-30"]
[Round "2.7"]
[White "Kulas, Szymon"]
[Black "Rozycki, Bartlomiej"]
[Result "0-1"]
[WhiteTitle "k"]
[BlackTitle "k++"]
[WhiteElo "2243"]
[BlackElo "2198"]

1. d4 e6 2. Nf3 Nf6 3. c4 b6 4. g3 Bb7 5. Bg2 Be7 6. O-O O-O 7. d5 exd5 8. Nh4
c6 9. cxd5 Nxd5 10. Nf5 Nf6 11. e4 d5 12. e5 Ne8 13. Qg4 Nd7 14. Re1 Nc5 15. b4
Nd3 16. Bh6 Bc8 17. Re2 Bxf5 18. Qxf5 Nxe5 19. Bf4 Nc4 20. Nd2 Nxd2 21. Bxd2 Nd6
22. Qd3 Bg5 23. Bxg5 Qxg5 24. Rc2 Rac8 25. Rac1 Nc4 26. b5 cxb5 27. Qxd5 Qxd5
28. Bxd5 Nd6 29. Rc7 a5 30. Bxf7+ Rxf7 31. Rxc8+ Nxc8 32. Rxc8+ Rf8 33. Rc6 Rf6
34. Rc7 b4 35. Kf1 Rf5 36. Rc2 Rc5 37. Rb2 Rc3 38. Ke2 Kf7 39. Ke1 Kf6 40. h3
g6 41. Kf1 Ke5 42. h4 Kd4 43. Kg2 Kd3 44. g4 Rc4 45. Kg3 a4 46. f4 Kc3 47. Rb1
Kc2 48. Rf1 b3 49. f5 gxf5 50. gxf5 b2 51. Rf2+ Kc3 52. Rf1 Kb4 53. f6 Rc1 54.
Rf4+ Ka3 55. f7 Rc8 0-1

[Event "10. Miedzynarodowy Turnieju Klubu Szachowego Polonia Wroclaw - OPEN A"]
[Site "Wroclaw"]
[Date "1899-12-30"]
[Round "2.8"]
[White "Cukrowski, Filip"]
[Black "Balinski, Damian"]
[Result "1-0"]
[WhiteTitle "m"]
[BlackTitle "k"]
[WhiteElo "2330"]
[BlackElo "2201"]

1. e4 d6 2. d4 Nf6 3. Nc3 g6 4. f4 Bg7 5. Bd3 O-O 6. Nf3 Nc6 7. O-O e5 8. fxe5
dxe5 9. d5 Nd4 10. Bg5 Bg4 11. Qd2 Bxf3 12. gxf3 Qd6 13. Nd1 Qb6 14. Be3 Bh6 15.
Kh1 Bxe3 16. Qxe3 a6 17. a4 Qd6 18. b4 c5 19. c3 c4 20. cxd4 cxd3 21. Qxd3 Qxb4
22. dxe5 Nd7 23. e6 Ne5 24. Qc3 Qxc3 25. Nxc3 fxe6 26. dxe6 Rxf3 27. Rxf3 Nxf3
28. Nd5 Ng5 29. e7 Re8 30. Nf6+ Kf7 31. Nxe8 Kxe8 32. a5 Nxe4 33. Rc1 Nd2 34.
Rc8+ Kxe7 35. Rc7+ Kd8 36. Rxb7 Nc4 37. Rxh7 Nxa5 38. Rg7 Nc4 39. Rxg6 a5 40.
h4 Ke7 41. h5 Kf7 42. Rg5 Kf6 43. Rg1 1-0

[Event "10. Miedzynarodowy Turnieju Klubu Szachowego Polonia Wroclaw - OPEN A"]
[Site "Wroclaw"]
[Date "1899-12-30"]
[Round "2.9"]
[White "Piotrowski, Przemyslaw"]
[Black "Praczukowski, Stanislaw"]
[Result "1-0"]
[WhiteTitle "k"]
[BlackTitle "I++"]
[WhiteElo "2292"]
[BlackElo "2037"]

1. d4 Nf6 2. Nf3 d5 3. g3 e6 4. Bg2 b5 5. O-O Be7 6. Bf4 O-O 7. a4 b4 8. c4 bxc3
9. Nxc3 c5 10. Nb5 a6 11. Bc7 Qe8 12. Nc3 Nbd7 13. a5 Bb7 14. Na4 Ne4 15. Ne5
cxd4 16. Bxe4 dxe4 17. Qxd4 Nxe5 18. Qxe5 Bf6 19. Qc5 Be7 20. Qc2 Qb5 21. Nb6
Ra7 22. Rfd1 e3 23. f3 Bc5 24. Bd6 Bxd6 25. Rxd6 Qe5 26. Rd7 h5 27. Ra4 Qb5 28.
b3 g6 29. Qc4 Qf5 30. Qd3 Qc5 31. Ra1 h4 32. Kg2 Qe5 33. Ra4 h3+ 34. Kxh3 Bxf3
35. Rxa7 g5 36. exf3 e2 37. Ra1 g4+ 38. fxg4 Qxa1 39. Qxe2 Kg7 40. Nc4 Qg1 41.
Qe5+ Kg6 42. Qh5+ Kg7 43. Qg5+ Kh7 44. Ne3 1-0

[Event "10. Miedzynarodowy Turnieju Klubu Szachowego Polonia Wroclaw - OPEN A"]
[Site "Wroclaw"]
[Date "1899-12-30"]
[Round "2.10"]
[White "Maj, Pawel"]
[Black "Gumularz, Szymon"]
[Result "0-1"]
[WhiteTitle "k"]
[BlackTitle "I++"]
[WhiteElo "2129"]
[BlackElo "2284"]

1. e4 d6 2. d4 Nf6 3. Nc3 e5 4. Nf3 Nbd7 5. Bc4 Be7 6. O-O O-O 7. Re1 c6 8. h3
b5 9. Bf1 Bb7 10. a3 a5 11. dxe5 dxe5 12. b3 Qc7 13. Bb2 Rfe8 14. a4 b4 15. Nb1
Bc5 16. Nbd2 Qb6 17. Nc4 Bxf2+ 18. Kh1 Qc7 19. Re2 Bc5 20. Qe1 Ba6 21. Rd2 Bd4
22. Nxd4 exd4 23. Rxd4 c5 24. Rdd1 Nxe4 25. Qh4 Qg3 26. Qh5 Nf2+ 27. Kg1 Nxd1
28. Rxd1 Bxc4 29. Bxc4 Re1+ 30. Rxe1 Qxe1+ 31. Kh2 Qe7 32. Bd3 g6 33. Qh6 Ne5
0-1

[Event "10. Miedzynarodowy Turnieju Klubu Szachowego Polonia Wroclaw - OPEN A"]
[Site "Wroclaw"]
[Date "1899-12-30"]
[Round "3.1"]
[White "Sielecki, Christof"]
[Black "Sieciechowicz, Marcin"]
[Result "1/2-1/2"]
[WhiteTitle "IM"]
[BlackTitle "IM"]
[WhiteElo "2437"]
[BlackElo "2449"]

1. Nf3 Nf6 2. c4 g6 3. Nc3 d5 4. cxd5 Nxd5 5. e4 Nxc3 6. dxc3 Qxd1+ 7. Kxd1 f6
8. Be3 e5 9. Nd2 Be6 10. Kc2 Nd7 11. Bc4 Bxc4 12. Nxc4 Bc5 13. Rad1 Bxe3 14. Nxe3
c6 15. h4 h5 16. Rd6 Ke7 17. Rhd1 Nb6 18. g3 Rad8 19. Rxd8 Rxd8 20. Rxd8 Kxd8
1/2-1/2

[Event "10. Miedzynarodowy Turnieju Klubu Szachowego Polonia Wroclaw - OPEN A"]
[Site "Wroclaw"]
[Date "1899-12-30"]
[Round "3.2"]
[White "Cyborowski, Lukasz"]
[Black "Nguyen, Piotr"]
[Result "1-0"]
[WhiteTitle "GM"]
[BlackTitle "m"]
[WhiteElo "2522"]
[BlackElo "2273"]

1. d4 Nf6 2. Nf3 c5 3. c4 cxd4 4. Nxd4 e5 5. Nb5 d5 6. cxd5 Bc5 7. N5c3 O-O 8.
g3 e4 9. Bg2 Bf5 10. Na3 Nbd7 11. Nc2 Qe7 12. Be3 Rfd8 13. Bxc5 Nxc5 14. Qd4 Bg6
15. Ne3 Ne6 16. Qd2 Nc7 17. O-O b5 18. a3 Rd6 19. Qd4 a6 20. Rfd1 Rad8 21. Qc5
Qd7 22. Rd2 h5 23. Rad1 h4 24. Rd4 Re8 25. Bh3 Qxh3 26. Qxd6 1-0

[Event "10. Miedzynarodowy Turnieju Klubu Szachowego Polonia Wroclaw - OPEN A"]
[Site "Wroclaw"]
[Date "1899-12-30"]
[Round "3.3"]
[White "Dobrowolski, Piotr"]
[Black "Guzewicz, Rafal"]
[Result "1-0"]
[WhiteTitle "IM"]
[BlackTitle "I+"]
[WhiteElo "2416"]
[BlackElo "2045"]

1. e4 c6 2. d4 d5 3. Nc3 dxe4 4. Nxe4 Bf5 5. Ng3 Bg6 6. h4 h6 7. Nf3 Nd7 8. h5
Bh7 9. Bd3 Bxd3 10. Qxd3 e6 11. Bd2 Ngf6 12. O-O-O Be7 13. Ne4 O-O 14. Kb1 c5
15. Nxf6+ Nxf6 16. g4 Nxg4 17. Qe2 Qd5 18. Rhg1 f5 19. dxc5 Bf6 20. Bxh6 Qxc5
21. Qxe6+ Rf7 22. Ng5 Bxg5 23. Bxg5 Rc8 24. h6 1-0

[Event "10. Miedzynarodowy Turnieju Klubu Szachowego Polonia Wroclaw - OPEN A"]
[Site "Wroclaw"]
[Date "1899-12-30"]
[Round "3.4"]
[White "Grela, Kacper"]
[Black "Rozycki, Bartlomiej"]
[Result "1-0"]
[WhiteTitle "k"]
[BlackTitle "k++"]
[WhiteElo "2294"]
[BlackElo "2198"]

1. e4 e6 2. d4 d5 3. Nd2 Nf6 4. e5 Nfd7 5. c3 c5 6. Bd3 b6 7. Ne2 Ba6 8. Bxa6 Nxa6
9. O-O Nc7 10. Nf4 c4 11. b3 b5 12. Qg4 g6 13. a4 bxa4 14. bxc4 dxc4 15. Nxc4
Nb6 16. Nd6+ Bxd6 17. exd6 Qxd6 18. Ba3 Qd7 19. Qg5 Nbd5 20. Nxd5 Nxd5 21. c4
h6 22. Qe5 f6 23. Qe4 Nb6 24. d5 Kf7 25. d6 Rhc8 26. c5 Nd5 27. f4 Rab8 28. Rae1
Nc3 29. Qe3 Nd5 30. Qd2 f5 31. Qd4 Nf6 32. Rc1 Qb5 33. Rc2 Qc6 34. Bb2 Nh5 35.
Qe5 a3 36. Bxa3 Qa4 37. Rc3 Rc6 38. Re3 Re8 39. g3 Qc2 40. Re2 Qb3 41. Re3 Qc2
42. Rc1 Qa2 43. Bb2 a6 44. Bd4 Rb8 45. Re2 Qd5 46. Qxd5 exd5 47. Re7+ Kg8 48.
d7 1-0

[Event "10. Miedzynarodowy Turnieju Klubu Szachowego Polonia Wroclaw - OPEN A"]
[Site "Wroclaw"]
[Date "1899-12-30"]
[Round "3.5"]
[White "Kanicki, Krzysztof"]
[Black "Cukrowski, Filip"]
[Result "1/2-1/2"]
[WhiteTitle "I+"]
[BlackTitle "m"]
[WhiteElo "2097"]
[BlackElo "2330"]

1. e4 c5 2. Nf3 Nc6 3. Bb5 d6 4. O-O Bd7 5. c3 Nf6 6. Re1 a6 7. Bxc6 Bxc6 8. e5
dxe5 9. Nxe5 Qd5 10. Nxc6 Qxc6 11. d4 e6 12. Be3 c4 13. Nd2 Nd5 14. Nf1 Be7 15.
Qg4 g5 16. Qh5 Nf6 17. Qxg5 Rg8 18. d5 Qxd5 19. Qxd5 Nxd5 20. Bd4 Rg6 21. g3 h5
22. Ne3 Nxe3 23. Bxe3 O-O-O 24. Rad1 h4 25. Rxd8+ Bxd8 26. Bf4 Bf6 27. Be5 Be7
28. b3 cxb3 29. axb3 f6 30. Bf4 e5 31. Bd2 Kd7 32. Kg2 Bd6 33. Re4 hxg3 34. hxg3
f5 35. Rh4 f4 36. Kf3 fxg3 37. fxg3 e4+ 38. Rxe4 Rxg3+ 39. Ke2 Rh3 40. Kd1 a5
41. Re3 Rh1+ 42. Re1 Rh3 43. Re3 Rh5 44. c4 b6 45. Rd3 Kc6 46. Kc2 Rh4 47. Bc3
Bf4 48. Rd5 Rh2+ 49. Kd3 Bd6 50. Rf5 Bc5 51. Rf6+ Kd7 52. Rf3 Rg2 53. Rh3 Ke6
54. Rh5 Ra2 55. Re5+ Kd6 56. Re2 Rxe2 1/2-1/2